| 000 | 00948nam a22002777a 4500 | ||
|---|---|---|---|
| 005 | 20260428153330.0 | ||
| 008 | 260428b |||||||| |||| 00| 0 eng d | ||
| 020 | _a9789354420337 (pbk) | ||
| 037 | _cREF | ||
| 040 |
_aCRL _cCRL |
||
| 041 |
_2eng _aeng |
||
| 084 |
_aV2y7M97x P2 (RR) _qCRL |
||
| 100 | _aBose, Subhas Chandra | ||
| 245 |
_aAzad hind: _bwritings and speeches 1941- 1943 |
||
| 260 |
_aHyderabad, India: _bOrient Blackswan Private Limited, _c2002. |
||
| 300 | _axi, 204p. | ||
| 365 |
_a395.00 _bINR |
||
| 490 |
_aNetaji collected works _vVol. 11 |
||
| 650 | _aHistory | ||
| 650 |
_aAzad Hind _91235884 |
||
| 650 |
_aSubhas Chandra Bose _91235885 |
||
| 700 |
_aBose, Sisir K. _eeditor. _91235886 |
||
| 700 |
_aBose, Sugata _eeditor. |
||
| 942 |
_2CC _cREF _hV2y7M97x P2 (RR) _n0 |
||
| 999 |
_c1848597 _d1848597 |
||